Statistics for Google Letters: South American Countries

Click here to take the quiz!

General Stats

  • This quiz has been taken 46 times
  • The average score is 12 of 12

Answer Stats

Country # of Letters % Correct
Bolivia4
100%
Brazil4
100%
Argentina3
100%
Peru4
97%
Uruguay3
97%
Paraguay6
97%
Suriname4
97%
Ecuador3
97%
Chile5
97%
Colombia5
97%
Guyana4
97%
Venezuela4
95%

Score Distribution

Percentile by Number Answered

Percent of People with Each Score

Your Score History

You have not taken this quiz